01010cam a2200289 a 45000010008000000030004000080050017000120080041000290100017000700200022000870200022001090400030001310430012001610500022001730820016001952450082002112600065002933000033003585040051003916500027004426500048004697000021005179060045005389420012005839990015005959520110006102797502OSt20180117085949.0830201s1980 at a b 001 0 eng  a 81190467  a0333299310 (pbk.) a0333299302 (hard) aDLCcDLCdDLCdOCoLCdDLC au-at---00aPN5514b.N48 198100a079/.9421904aThe News in focus :bthe journalism of exception /cedited by Patricia Edgar. aSouth Melbourne, [Vic.] :bMacmillan,c1980g(1981 printing) avi, 213 p. :bill. ;c22 cm. aIncludes bibliographical references and index. 0aJournalismzAustralia. 0aTelevision broadcasting of newszAustralia.1 aEdgar, Patricia. a7bcbccorignewd3encipf19gy-gencatlg 2ddccBK c2776d2776 00102ddc4070aCLbCLcJRNd2016-03-17l2o302.23 NEWpS3H-N-99r2020-10-02s2020-10-02w2016-03-17yBK